I Capolavori Della Pittura Universale

Gorde:
Xehetasun bibliografikoak
Formatua: Liburua
Hizkuntza:hizkuntza ezezaguna
Argitaratua: Alberto Perutto Editore
Etiketak: Etiketa erantsi
Etiketarik gabe, Izan zaitez lehena erregistro honi etiketa jartzen!

MARC

LEADER 00000nam a2200000Ia 4500
001 R-100
003 CODICE-MESSINA
005 20260212102446.0
008 260211s9999 xx 000 0 und d
040 |c importazione_messina 
245 0 |a I Capolavori Della Pittura Universale 
260 |b Alberto Perutto Editore 
942 |2 ddc  |c BK 
952 |0 0  |1 0  |2 ddc  |4 0  |6 SCAFFALE_2_000000000000000__ARTE  |7 0  |9 30917  |a ME  |b ME  |d 2026-02-11  |l 0  |o SCAFFALE 2 - ARTE  |p R-100  |r 2026-02-11 23:52:13  |w 2026-02-11  |x [REVISIONARE]  |y BK 
999 |c 26581  |d 26581